00578nam a22001457a 4500003000400000005001700004008004100021040001400062100002300076245016600099260000900265300002700274500009800301504003300399OSt20171010095459.0120720t xxu||||| |||| 00| 0 eng d aMMSUcULS aMagano, Janill I.  aA Preliminary study on the in vitro and in vivo biosorption of heavy metals using the phytomass of selected brown algal species in Ilocos NortecJanill I. Magano c2008 axv, 77 leaves c28 cm. aThesis (BS Biology) -- Mariano Marcos State University-College of Arts & Sciences, Batac City aBibliography: leaves 41 - 42